header

The changing face of corpus linguistics (Record no. 100977)

MARC details
000 -LEADER
fixed length control field 01543nam a2200361Ia 4500
245 14 - TITLE STATEMENT
Title The changing face of corpus linguistics
260 ## - PUBLICATION, DISTRIBUTION, ETC. (IMPRINT)
Place of publication Amsterdam ;
-- New York :
Name of publisher Rodopi,
Year of publication 2006.
300 ## - PHYSICAL DESCRIPTION
Number of Pages 408 p. :
Other physical details ill.
490 1# - SERIES STATEMENT
Series statement Language and computers ;
650 #0 - SUBJECT ADDED ENTRY--TOPICAL TERM
Topical Term Computational linguistics
Topical Term Discourse analysis
Topical Term English language
Topical Term English language
700 1# - ADDED ENTRY--PERSONAL NAME
Personal name Renouf, Antoinette.
Personal name Kehoe, Andrew.
856 40 - ELECTRONIC LOCATION AND ACCESS
Uniform Resource Identifier http://site.ebrary.com/lib/rucke/Doc?id=10380160

No items available.

© 2026 Rongo University
Contact us: librarian | system librarian | Rongo university